[Event "UT Dallas Fall GM Inv 2012"]
[Site "Dallas USA"]
[Date "2012.11.20"]
[Round "8"]
[White "Sadorra,J"]
[Black "Onischuk,Al"]
[Result "1/2-1/2"]
[WhiteElo "2546"]
[BlackElo "2676"]

1.d4 Nf6 2.c4 e6 3.Nc3 Bb4 4.e3 O-O 5.Ne2 d5 6.a3 Be7 7.cxd5 exd5 8.Nf4 Re8
9.Bd3 c6 10.O-O Nbd7 11.f3 Nf8 12.Bc2 Ng6 13.e4 Nxf4 14.Bxf4 Be6 15.Qd3 g6
16.Rae1 Qd7 17.h3 Rad8 18.Be5 Qc8 19.Qd2 Nd7 20.exd5 cxd5 21.f4 Nxe5 22.fxe5 Kg7
23.Ba4 Rf8 24.Rc1 Qb8 25.Ne2 Rc8 26.Rcd1 Qc7 27.Nf4 Qb6 28.Rf3 Qd8 29.Rdf1 Bg5
30.Qf2 Qe7 31.Bb3 Rcd8 32.Kh2 f5 33.Nxe6+ Qxe6 34.g4 f4 35.h4 Be7 36.g5 Rf7
37.Qg2 Qb6 38.Rd3 Qe6 39.Rc3 h6 40.gxh6+ Kxh6 41.Qh3 Qb6 42.Rg1 Qxd4 43.Qe6 Rg7
44.h5 Qb6 45.Qxb6 axb6 46.hxg6 Rxg6 47.Rh3+ Kg7 48.Bc2 Rxg1 49.Rh7+ Kg8 50.Kxg1 Bc5+
51.Kg2 Re8 52.Rh5 Bd4 53.Bb3 Bxe5 54.Bxd5+ Kg7 55.Rf5 Bd6 56.Rf7+ Kh8 57.Kf3 Re7
58.Rxe7 Bxe7 59.Kxf4 Kg7 60.Kf5 Bf6  1/2-1/2

[Event "UT Dallas Fall GM Inv 2012"]
[Site "Dallas USA"]
[Date "2012.11.20"]
[Round "9"]
[White "Onischuk,Al"]
[Black "Calugar,A"]
[Result "1-0"]
[WhiteElo "2676"]
[BlackElo "2312"]

1.d4 Nf6 2.c4 g6 3.g3 Bg7 4.Bg2 d5 5.cxd5 Nxd5 6.e4 Nb6 7.Ne2 O-O 8.O-O Nc6
9.d5 Na5 10.Nbc3 c6 11.b3 cxd5 12.exd5 Bg4 13.Bd2 e6 14.dxe6 fxe6 15.Rc1 Qd3
16.h3 Bxc3 17.Rxc3 Qxe2 18.hxg4 Rxf2 19.Qxe2 Rxe2 20.Bh6 Nc6 21.Bxc6 bxc6
22.Rcf3 Nd7 23.Rf7 Rd8 24.Rxd7  1-0

[Event "Mexico International Open"]
[Site "Puebla MEX"]
[Date "2013.03.27"]
[Round "2.1"]
[White "Onischuk,Al"]
[Black "Alford Phillipe,J"]
[Result "1-0"]
[WhiteElo "2663"]
[BlackElo "2235"]

1.d4 Nf6 2.c4 g6 3.Nc3 Bg7 4.e4 d6 5.Nf3 O-O 6.Be2 e5 7.Be3 Ng4 8.Bg5 f6
9.Bh4 Nc6 10.d5 Ne7 11.Nd2 Nh6 12.f3 f5 13.O-O Bf6 14.Bf2 f4 15.c5 g5 16.Rc1 Ng6
17.cxd6 cxd6 18.Nb5 Rf7 19.Nc4 Be7 20.Nxa7 Bd7 21.Nb6 g4 22.Nxa8 g3 23.Bb6 Qxa8
24.Qc2 Rf8 25.Qc7 Qe8 26.Kh1 Nh4 27.Qxd7 Qxd7 28.Bb5 Qh3 29.gxh3 g2+ 30.Kg1 gxf1=Q+
31.Rxf1 Bd8 32.Nc8 Bxb6+ 33.Nxb6 Kf7 34.Bd7 Rg8+ 35.Bg4 Kf6 36.Kf2 Nf7 37.Ke2 Rg5
38.Nc4 h5 39.Be6 Rg2+ 40.Rf2 Rg6 41.Bxf7 Kxf7 42.Kf1 Ke7 43.Na5 Rg8 44.Nxb7 Ra8
45.b4 Ra3 46.b5 Ra7 47.Rb2 Nxf3 48.a4 Rxa4 49.b6 Ra8 50.Na5 Nd2+ 51.Ke2 Nxe4
52.b7  1-0

[Event "Mexico International Open"]
[Site "Puebla MEX"]
[Date "2013.03.28"]
[Round "4.1"]
[White "Onischuk,Al"]
[Black "Nogueiras Santiago,J"]
[Result "1/2-1/2"]
[WhiteElo "2663"]
[BlackElo "2493"]

1.d4 d5 2.c4 c6 3.Nc3 Nf6 4.Nf3 dxc4 5.a4 Bf5 6.e3 e6 7.Bxc4 Bb4 8.O-O O-O
9.Nh4 Bg4 10.f3 Nd5 11.fxg4 Qxh4 12.e4 Nb6 13.Bb3 Qe7 14.e5 c5 15.Ne4 Nc6
16.Bg5 Qd7 17.dxc5 Qd4+ 18.Qxd4 Nxd4 19.Bxe6 Nxe6 20.cxb6 Nxg5 21.Nxg5 Bc5+
22.Kh1 axb6 23.b3 Be3 24.Ne4 Bd4 25.Rad1 Bxe5 26.Rd7 Rad8 27.Rxb7 Rd4 28.Re1 Rb4
29.g3 h6 30.Re7 f6 31.Nd2 Rd8 32.Re2 Rd3 33.Rb7 Rc3 34.Nc4 Rcxb3 35.Nxe5 fxe5
36.Rxe5 Rxa4 37.Ree7 Rxg4  1/2-1/2

[Event "Mexico International Open"]
[Site "Puebla MEX"]
[Date "2013.03.29"]
[Round "5.2"]
[White "Gonzalez Zamora,J"]
[Black "Onischuk,Al"]
[Result "1/2-1/2"]
[WhiteElo "2527"]
[BlackElo "2663"]

1.Nf3 Nf6 2.c4 e6 3.g3 d5 4.Bg2 Be7 5.O-O O-O 6.d4 dxc4 7.Qc2 a6 8.a4 Bd7
9.Qxc4 Bc6 10.Bf4 a5 11.Nc3 Na6 12.Rfd1 Nb4 13.Rac1 Rc8 14.Ne5 Bxg2 15.Kxg2 c6
16.e4 Qb6 17.Be3 Qc7 18.Qe2 b6 19.f3 Rfd8 20.Nc4 Qb7 21.b3 Nd7 22.Bf4 Nf8
23.Be3 Nd7 24.Bf4 Nf8 25.Be3  1/2-1/2

[Event "Mexico International Open"]
[Site "Puebla MEX"]
[Date "2013.03.29"]
[Round "6.5"]
[White "Onischuk,Al"]
[Black "Capo Vidal,U"]
[Result "1-0"]
[WhiteElo "2663"]
[BlackElo "2334"]

1.d4 d5 2.c4 e6 3.Nc3 c6 4.e3 f5 5.Bd3 Nf6 6.Nge2 Bd6 7.f3 O-O 8.Qc2 Na6
9.a3 Bd7 10.b4 Rc8 11.Bd2 b5 12.c5 Bb8 13.O-O-O Nc7 14.g4 fxg4 15.f4 Nce8
16.h3 gxh3 17.Rxh3 e5 18.Bxh7+ Kf7 19.Bg6+ Ke7 20.Rg3 e4 21.Rg5 Bg4 22.Rg1 Qd7
23.Ng3 Kd8 24.Nf5 Kc7 25.Bxe8 Nxe8 26.Nd6 Nxd6 27.cxd6+  1-0

[Event "Mexico International Open"]
[Site "Puebla MEX"]
[Date "2013.03.30"]
[Round "7.3"]
[White "Aleskerov,F"]
[Black "Onischuk,Al"]
[Result "0-1"]
[WhiteElo "2409"]
[BlackElo "2663"]

1.e4 c6 2.d4 d5 3.exd5 cxd5 4.Nf3 Nf6 5.Ne5 g6 6.Bd3 Nc6 7.Nxc6 bxc6 8.O-O Bg7
9.c3 O-O 10.Bf4 Nd7 11.Nd2 f6 12.Qa4 Qb6 13.Be3 f5 14.g3 Nf6 15.Rfe1 Ne4
16.Nb3 f4 17.Bxf4 Nxf2 18.Kxf2 e5 19.Qa5 exf4 20.Re7 Bf6 21.Qxb6 axb6 22.Ree1 fxg3+
23.Kxg3 Bg5 24.a4 Ra7 25.Rf1 Re7 26.Rxf8+ Kxf8 27.Rf1+ Kg7 28.a5 bxa5 29.Nxa5 Bd7
30.Rf2 h5 31.Re2 h4+ 32.Kg2 h3+ 33.Kf1 Rf7+ 34.Rf2 Bf4 35.Ke1 g5  0-1

[Event "Mexico International Open"]
[Site "Puebla MEX"]
[Date "2013.03.30"]
[Round "8.1"]
[White "Onischuk,Al"]
[Black "Otero Acosta,D"]
[Result "1-0"]
[WhiteElo "2663"]
[BlackElo "2471"]

1.d4 d5 2.c4 c6 3.Nc3 dxc4 4.e4 b5 5.a4 b4 6.Nb1 Ba6 7.Qc2 Nf6 8.Nd2 Qxd4
9.Ngf3 b3 10.Nxd4 bxc2 11.Nxc2 e6 12.f3 Nfd7 13.Nxc4 Nb6 14.Na5 c5 15.Bd2 Be7
16.Bc3 f6 17.Be2 Kf7 18.Kf2 Rc8 19.Rhd1 Bxe2 20.Kxe2 Na6 21.Ne3 c4 22.Nb7 Rab8
23.a5 Rxb7 24.axb6 Rxb6 25.Rd7 Nc5 26.Rdxa7 Nd3 27.Nxc4 Nf4+ 28.Ke3 Nxg2+
29.Kf2 Rxc4 30.Kxg2 Rbc6 31.Rb7 Rc7 32.Raa7 Rxb7 33.Rxb7 e5 34.Kf2 Ke6 35.Ke2 Ra4
36.b4 Ra2+ 37.Bd2 h5 38.Kd3 Ra3+ 39.Bc3 Ra2 40.b5 Rf2 41.b6 Bc5 42.Kc4 Rxf3
43.Ba5 Bd6 44.Rxg7 Re3 45.b7 Rxe4+ 46.Kb5 Re2 47.Bc7 Rb2+ 48.Kc6 Rc2+ 49.Kb6 Rb2+
50.Ka7 Bxc7 51.Rxc7 Ra2+ 52.Kb8 Rb2 53.Rc6+ Kf5 54.Kc7 Rxb7+ 55.Kxb7 e4 56.Kc7 e3
57.Kd7 h4 58.Ke7 h3  1-0

[Event "Mexico International Open"]
[Site "Puebla MEX"]
[Date "2013.03.31"]
[Round "9.1"]
[White "Cordova,E"]
[Black "Onischuk,Al"]
[Result "1/2-1/2"]
[WhiteElo "2564"]
[BlackElo "2663"]

1.Nf3 d5 2.d4 Nf6 3.c4 e6 4.g3 Bb4+ 5.Bd2 Bd6 6.Bg2 c6 7.O-O Nbd7 8.Qc2 O-O
9.Nc3 dxc4 10.Rfd1 Qe7 11.Bg5 h6 12.Bxf6 Nxf6 13.Nd2 c5 14.Nxc4 cxd4 15.Nxd6 Qxd6
16.Nb5 Qb6 17.Nxd4 e5 18.Nb3 Bg4 19.Qc5 Bxe2 20.Re1 Ba6 21.Qxe5 Rac8 22.Qf5 Bc4
23.Rac1 Be6 24.Qa5 Qxa5 25.Nxa5 Rxc1 26.Rxc1 Rd8 27.Nxb7 Rd2 28.a4 Rxb2 29.Nc5 Bd5
30.Nd7 Bxg2 31.Rc8+ Kh7 32.Nf8+ Kg8 33.Kxg2 Ra2 34.Nd7+ Kh7 35.Nxf6+ gxf6
36.Rc4 Ra3 37.g4 Kg6 38.f3 Ra1 39.Kg3 Rg1+ 40.Kf4 Rh1 41.Kg3 Rg1+ 42.Kf2 Rh1
43.Kg2 Ra1 44.h4 f5 45.Rc6+ Kg7 46.Ra6 fxg4 47.fxg4 Rc1 48.Rxa7 Rc4 49.Kg3 Rc3+
50.Kf4 Rc4+ 51.Kg3  1/2-1/2

[Event "ch-USA 2013"]
[Site "Saint Louis USA"]
[Date "2013.05.04"]
[Round "2"]
[White "Khachiyan,M"]
[Black "Onischuk,Al"]
[Result "1/2-1/2"]
[WhiteElo "2518"]
[BlackElo "2666"]

1.e4 c6 2.d4 d5 3.Nc3 dxe4 4.Nxe4 Bf5 5.Ng3 Bg6 6.h4 h6 7.Nf3 Nd7 8.h5 Bh7
9.Bd3 Bxd3 10.Qxd3 e6 11.Bd2 Ngf6 12.O-O-O Be7 13.Ne4 Nxe4 14.Qxe4 Nf6 15.Qe2 Qd5
16.c4 Qe4 17.Qxe4 Nxe4 18.Be3 Nd6 19.Ne5 Bf6 20.b3 Nf5 21.Nf3 b5 22.g4 Nxe3
23.fxe3 bxc4 24.bxc4 c5 25.Kc2 O-O 26.Kd3 Rac8 27.Rh2 Rfd8 28.Rc2 Rd6 29.Ke4 Rb6
30.Rd3 Rb4 31.Rb3 Ra4 32.Rb7 Rc6 33.Rb8+ Kh7 34.Rb7 Kg8 35.Rb8+ Kh7 36.Rb7  1/2-1/2

[Event "ch-USA 2013"]
[Site "Saint Louis USA"]
[Date "2013.05.05"]
[Round "3"]
[White "Onischuk,Al"]
[Black "Finegold,B"]
[Result "1-0"]
[WhiteElo "2666"]
[BlackElo "2505"]

1.d4 d5 2.c4 c6 3.Nf3 Nf6 4.e3 g6 5.Nc3 Bg7 6.Be2 O-O 7.O-O b6 8.b4 Bb7 9.Qb3 e6
10.Bb2 Nbd7 11.a4 Rb8 12.cxd5 exd5 13.a5 b5 14.Bd3 Ne8 15.e4 dxe4 16.Nxe4 Nc7
17.Rfe1 Nd5 18.Bf1 N7f6 19.Nc5 Nd7 20.Nd3 Re8 21.Rxe8+ Qxe8 22.Rc1 a6 23.Re1 Qf8
24.Nfe5 Rd8 25.g3 f6 26.Nxd7 Rxd7 27.Bh3 Re7 28.Re6 f5 29.Rxe7 Qxe7 30.Bg2 Bf8
31.Bxd5+ cxd5 32.Bc1 Qc7 33.Nc5 Bxc5 34.bxc5 Qxa5 35.Qe3 Kf7 36.Qe5 Qd8 37.h4 Qe7
38.Qb8 Qd7 39.Qh8 Ke6 40.Bg5 Qc7  1-0

[Event "ch-USA 2013"]
[Site "Saint Louis USA"]
[Date "2013.05.06"]
[Round "4"]
[White "Shabalov,A"]
[Black "Onischuk,Al"]
[Result "0-1"]
[WhiteElo "2544"]
[BlackElo "2666"]

1.d4 Nf6 2.c4 e6 3.g3 d5 4.Nf3 dxc4 5.Bg2 Nc6 6.O-O Rb8 7.Nc3 a6 8.e4 Be7
9.Qe2 b5 10.Rd1 Nb4 11.b3 cxb3 12.d5 exd5 13.e5 O-O 14.a3 Nc6 15.exf6 Bxf6
16.Bb2 Re8 17.Qd2 d4 18.Ne2 Bg4 19.Qd3 Ne5 20.Nxe5 Rxe5 21.Be4 Bxe2 22.Qxe2 c5
23.a4 Qb6 24.axb5 axb5 25.Qd3 c4 26.Bxh7+ Kh8 27.Qb1 Re2 28.Qf5 Rxb2 29.Qh5 Bg5
30.Be4+ Bh6 31.Qf5 g6 32.Qxf7 Bg7 33.Qf4 Rd8 34.Qh4+ Kg8 35.Bxg6 Qf6 36.Qh7+ Kf8
37.Rf1 d3 38.Ra7 d2 39.Rf7+ Qxf7 40.Bxf7 Kxf7 41.Qh5+ Kg8 42.Qg4 Ra2 43.Qe6+ Kf8
44.Qf5+ Ke7 45.Qc5+ Rd6 46.Qc7+ Rd7 47.Qc5+ Ke6 48.Qc6+ Rd6 49.Qe4+ Kf7 50.Qb7+ Ke6
51.Qe4+ Be5 52.Rd1 c3 53.f4 Rd5 54.Qg6+ Bf6 55.Qg8+ Kd6 56.Qf8+ Kc7 57.Qf7+ Rd7
58.Qxf6 c2 59.Qe5+ Rd6 60.Qe7+ Kc6 61.Qe8+ Kc5 62.Qe5+ Kc4 63.Qe4+ Rd4 64.Qe6+ Kc5
65.Qe5+ Rd5 66.Qe7+ Kb6  0-1

[Event "ch-USA 2013"]
[Site "Saint Louis USA"]
[Date "2013.05.07"]
[Round "5"]
[White "Onischuk,Al"]
[Black "Christiansen,L"]
[Result "1-0"]
[WhiteElo "2666"]
[BlackElo "2579"]

1.d4 Nf6 2.c4 c5 3.Nf3 cxd4 4.Nxd4 a6 5.Nc3 Qc7 6.e4 e6 7.Be2 b6 8.O-O Bb7
9.Qd3 d6 10.f4 Nbd7 11.f5 Nc5 12.Qe3 e5 13.Nd5 Qd8 14.Nxf6+ gxf6 15.Nb3 h5
16.Bf3 Qc7 17.Qe2 h4 18.Nd2 Rc8 19.Nb1 Nd7 20.Na3 Bh6 21.Bxh6 Rxh6 22.Rfd1 Rh8
23.Rd2 Rd8 24.Rad1 Nf8 25.Qe3 Nh7 26.c5 Qxc5 27.Qxc5 bxc5 28.Rxd6 Ke7 29.Rxd8 Rxd8
30.Rxd8 Kxd8 31.Kf2 Ng5 32.Ke3 Kc7 33.Nc4 Bc6 34.Nd2 Bb5 35.Bd1 Bc6 36.Bb3 Kd6
37.Bc4 Bb7 38.Bd3 Ke7 39.a4 Kd6 40.a5 c4 41.Nxc4+ Kc5 42.Nd2 Kb4 43.Nf3 Kxa5
44.Nxh4 Kb4 45.Nf3 Nh7 46.Nd2 a5 47.Bc4  1-0

[Event "ch-USA 2013"]
[Site "Saint Louis USA"]
[Date "2013.05.09"]
[Round "6"]
[White "Onischuk,Al"]
[Black "Kamsky,G"]
[Result "1/2-1/2"]
[WhiteElo "2666"]
[BlackElo "2741"]

1.d4 d5 2.c4 c6 3.Nf3 Nf6 4.Nc3 a6 5.e3 g6 6.Qb3 Bg7 7.Bd3 O-O 8.O-O e6 9.e4 dxe4
10.Nxe4 Nxe4 11.Bxe4 f5 12.Bc2 c5 13.dxc5 Nc6 14.Be3 e5 15.Rad1 Qe7 16.Rd6 e4
17.Nd4 Nxd4 18.Bxd4 Bxd4 19.Rxd4 Qxc5 20.Qe3 Be6 21.a3 f4 22.Qc3 e3 23.fxe3 fxe3
24.Rxf8+ Rxf8 25.Qxe3 Bxc4 26.Bd3 Bxd3 27.Rxd3 Qxe3+ 28.Rxe3 Rd8 29.Kf2 Kf7
30.Ke2 Rf8  1/2-1/2

[Event "ch-USA 2013"]
[Site "Saint Louis USA"]
[Date "2013.05.11"]
[Round "8"]
[White "Ramirez,Alej"]
[Black "Onischuk,Al"]
[Result "1/2-1/2"]
[WhiteElo "2551"]
[BlackElo "2666"]

1.d4 Nf6 2.c4 e6 3.Nf3 b6 4.g3 Bb4+ 5.Bd2 Bxd2+ 6.Qxd2 Ba6 7.Qc2 Bb7 8.Bg2 c5
9.dxc5 bxc5 10.O-O O-O 11.Rd1 Qe7 12.Nc3 Nc6 13.Rd2 Rfd8 14.Rad1 d6 15.Ne4 Nxe4
16.Qxe4 Ne5 17.Qc2 Nxf3+ 18.Bxf3 Bxf3 19.exf3 Rd7 20.Qe4 Rad8 21.Kg2 g6 22.h4 h5
23.f4 Qf6 24.Qc6 Qe7 25.Qe4 Qf6 26.Qc6  1/2-1/2

[Event "ch-USA 2013"]
[Site "Saint Louis USA"]
[Date "2013.05.12"]
[Round "9"]
[White "Onischuk,Al"]
[Black "Troff,Kayden W"]
[Result "1/2-1/2"]
[WhiteElo "2666"]
[BlackElo "2421"]

1.d4 Nf6 2.c4 g6 3.Nc3 d5 4.Nf3 Bg7 5.Qb3 dxc4 6.Qxc4 O-O 7.e4 a6 8.Be2 b5
9.Qb3 c5 10.dxc5 Be6 11.Qc2 Nbd7 12.Be3 Rc8 13.Rd1 b4 14.Nd5 Bxd5 15.exd5 Nxc5
16.O-O Nce4 17.Qb1 Nc5 18.Bc4 Qd6 19.g3 Na4 20.Bf4 Qb6 21.Bb3 Nc5 22.d6 Nxb3
23.axb3 exd6 24.Rxd6 Qb7 25.Nd2 Rfd8 26.Nc4 Ne4 27.Rxd8+ Rxd8 28.Rd1 Rxd1+
29.Qxd1 h6 30.Be3 Kh7 31.f3 Ng5 32.Kg2 Qc8 33.Bxg5 hxg5 34.Qd5 Qe8 35.Kf2 Qe7
36.Kf1 f5 37.Kf2 Qa7+ 38.Kf1 Qe7 39.Kf2 Qa7+ 40.Kf1  1/2-1/2

[Event "FIDE World Cup 2013"]
[Site "Tromso NOR"]
[Date "2013.08.11"]
[Round "1.55"]
[White "Onischuk,Al"]
[Black "Iturrizaga,E"]
[Result "1-0"]
[WhiteElo "2667"]
[BlackElo "2660"]

1.d4 Nf6 2.c4 e6 3.g3 c5 4.Nf3 b6 5.Bg2 Bb7 6.d5 exd5 7.Ng5 h6 8.Nh3 b5 9.Nc3 Qb6
10.Nxd5 Nxd5 11.Bxd5 Nc6 12.Nf4 bxc4 13.O-O g5 14.Ng2 Nd4 15.Ne3 Bxd5 16.Nxd5 Qc6
17.e4 O-O-O 18.Be3 Re8 19.Bxd4 cxd4 20.Qxd4 Bc5 21.Qc3 Rhf8 22.b4 Rxe4 23.bxc5 Qxd5
24.Qa3 Rfe8 25.Rad1 Qa8 26.Qa6+ Qb7 27.Qxh6 R4e5 28.Qf6 R8e7 29.Rc1 Qb5 30.Qd6 R7e6
31.Qf8+ Kc7 32.Rb1 Qxc5 33.Qb8+ Kc6 34.Rb7 Qa5 35.Qc8+ Kd5 36.Rxd7+ Ke4 37.Qxc4+ Kf5
38.Rxf7+ Kg6 39.Rd7  1-0

[Event "FIDE World Cup 2013"]
[Site "Tromso NOR"]
[Date "2013.08.12"]
[Round "2.55"]
[White "Iturrizaga,E"]
[Black "Onischuk,Al"]
[Result "1/2-1/2"]
[WhiteElo "2660"]
[BlackElo "2667"]

1.Nf3 Nf6 2.c4 e6 3.g3 d5 4.Bg2 Be7 5.d4 O-O 6.O-O dxc4 7.Ne5 Nc6 8.Bxc6 bxc6
9.Nxc6 Qe8 10.Nxe7+ Qxe7 11.Qc2 c5 12.Qxc4 cxd4 13.Qxd4 e5 14.Qh4 Rb8 15.b3 Qe6
16.Bg5 Nd5 17.e4 Nb4 18.Be7 Re8 19.Bxb4 Rxb4 20.Nc3 Bb7 21.Rac1 Rd4 22.Rfe1 Bc6
23.Qg5 h6 24.Qe3 Red8 25.Qe2 R8d6 26.Qb2 Rd2 27.Qa3 Qd7 28.Qc5 f6 29.b4 a6
30.Qa5 Kh7 31.a4 Rb2 32.Rcd1 Rdd2 33.Rf1 Rxd1 34.Rxd1 Qb7 35.Nd5 Qa7 36.Rf1 Qd4
37.Qxa6 Bxd5 38.exd5 Rxb4 39.Qe6 Rxa4 40.Qf5+ Kg8 41.Qc8+ Kh7 42.Qf5+  1/2-1/2

[Event "FIDE World Cup 2013"]
[Site "Tromso NOR"]
[Date "2013.08.14"]
[Round "2.1"]
[White "Dominguez Perez,L"]
[Black "Onischuk,Al"]
[Result "1-0"]
[WhiteElo "2757"]
[BlackElo "2667"]

1.e4 e5 2.Nf3 Nc6 3.Bb5 a6 4.Ba4 Nf6 5.O-O Bc5 6.c3 b5 7.Bb3 d6 8.a4 Bg4
9.axb5 axb5 10.Rxa8 Qxa8 11.h3 Bxf3 12.Qxf3 Nb8 13.d3 O-O 14.Nd2 Nbd7 15.Qd1 Bb6
16.Nf3 Nc5 17.Bc2 Ne6 18.Ng5 Nxg5 19.Bxg5 Qd8 20.Qf3 h6 21.Bd2 Qe7 22.Ra1 Qe6
23.b4 Rd8 24.Ra3 Nd7 25.Bb3 Qf6 26.Qg3 Nf8 27.Be3 Ne6 28.Bxb6 cxb6 29.Qe3 Nf4
30.Ra7 Qg5 31.Qf3 Rc8 32.Bxf7+ Kh7 33.c4 Qf6 34.Qg4 Rf8 35.Qf5+ Qxf5 36.exf5 Nxd3
37.Bg6+ Kg8 38.f6  1-0

[Event "World Teams 2013"]
[Site "Antalya TUR"]
[Date "2013.12.04"]
[Round "8.3"]
[White "Onischuk,Al"]
[Black "Yilmaz,M"]
[Result "1/2-1/2"]
[WhiteElo "2672"]
[BlackElo "2577"]

1.d4 d5 2.c4 dxc4 3.Nf3 Nf6 4.e3 e6 5.Bxc4 a6 6.O-O b5 7.Bd3 Bb7 8.a4 b4
9.Qe2 c5 10.dxc5 Nbd7 11.c6 Bxc6 12.Bxa6 Qb6 13.Bd3 Rxa4 14.Rxa4 Bxa4 15.e4 Be7
16.Nbd2 Nc5 17.Nc4 Qd8 18.Bb1 O-O 19.e5 Nd5 20.Nd4 g6 21.Bh6 Nf4 22.Bxf4 Qxd4
23.Be3 Qd5 24.Rc1 Bb5 25.Qg4 Bxc4 26.Qxc4 Qxc4 27.Rxc4 Rd8 28.Rc1 Na4 29.b3 Nc3
30.Kf1 Rd5 31.f4 Bc5 32.Bxc5 Rxc5 33.Bd3 Rd5 34.Bc4 Rd4 35.g3 Kg7 36.Rc2 h6
37.Kf2 g5 38.Ke3 Re4+ 39.Kf3 Rd4 40.Ke3 Re4+ 41.Kf3 Rd4 42.Ke3  1/2-1/2

[Event "World Teams 2013"]
[Site "Antalya TUR"]
[Date "2013.12.05"]
[Round "9.3"]
[White "Onischuk,Al"]
[Black "Tiviakov,S"]
[Result "1-0"]
[WhiteElo "2672"]
[BlackElo "2663"]

1.d4 Nf6 2.c4 e6 3.Nf3 b6 4.Bf4 Bb7 5.e3 Bb4+ 6.Nbd2 Be7 7.h3 c5 8.Be2 O-O
9.O-O d6 10.Rc1 Nbd7 11.Bh2 Rc8 12.Qa4 Qc7 13.b4 cxb4 14.Qxb4 Ne4 15.Nxe4 Bxe4
16.Nd2 Bb7 17.Nb1 Nf6 18.Nc3 Qd7 19.Nb5 a5 20.Qb2 d5 21.cxd5 Nxd5 22.Rfd1 Ba6
23.e4 Nb4 24.a4 Bg5 25.Rxc8 Rxc8 26.Qb3 Rc2 27.Bf1 Rd2 28.Rxd2 Bxd2 29.Qg3 Qd8
30.Qc7 Bg5 31.Qa7 Bxb5 32.Bc7 Nc6 33.Qxb6 Qxd4 34.Qxb5 Qd7 35.Bxa5 Bf6 36.Bb6 Qb7
37.a5 Bd8 38.Bxd8 Qxb5 39.Bxb5 Nxd8 40.a6  1-0

[Event "ch-USA 2014"]
[Site "Saint Louis USA"]
[Date "2014.05.08"]
[Round "1.2"]
[White "Molner,M"]
[Black "Onischuk,Al"]
[Result "1/2-1/2"]
[WhiteElo "2522"]
[BlackElo "2668"]

1.d4 Nf6 2.c4 e6 3.Nf3 b6 4.g3 Bb4+ 5.Bd2 Bxd2+ 6.Qxd2 Ba6 7.b3 c6 8.Bg2 d5
9.Ne5 Nfd7 10.Nd3 dxc4 11.Nb4 cxb3 12.Nxa6 Nxa6 13.axb3 Nab8 14.O-O O-O 15.Na3 a5
16.Rfc1 Nc5 17.Qb2 Nca6 18.Bxc6 Nxc6 19.Rxc6 Nb4 20.Rc4 Qd7 21.Rac1 Rad8
22.Rc7 Qxd4 23.Qxd4 Rxd4 24.Nc4 Nd5 25.Rc6 h6 26.Nxb6 Nxb6 27.Rxb6 a4 28.bxa4 Rxa4
29.Rbc6 g5 30.Rc8 Rxc8 31.Rxc8+ Kg7  1/2-1/2

[Event "ch-USA 2014"]
[Site "Saint Louis USA"]
[Date "2014.05.09"]
[Round "2.5"]
[White "Onischuk,Al"]
[Black "Erenburg,S"]
[Result "1/2-1/2"]
[WhiteElo "2668"]
[BlackElo "2633"]

1.d4 d5 2.c4 c6 3.Nc3 Nf6 4.e3 e6 5.Nf3 a6 6.b3 Bb4 7.Bd2 Nbd7 8.Bd3 O-O
9.O-O Bd6 10.Qc2 e5 11.cxd5 cxd5 12.e4 exd4 13.Nxd5 Nxd5 14.exd5 Nf6 15.h3 Bd7
16.Rad1 Rc8 17.Qb2 Qb6 18.Qxd4 Qxd4 19.Nxd4 Rc5 20.Nf3 Rxd5 21.Bc4 Rh5 22.Bc3 Ne4
23.Be5 Bxe5 24.Rxd7 b5 25.Re1 bxc4 26.Rxe4 cxb3 27.Nxe5 bxa2 28.Rd1 f6 29.Nc6 Rc5
30.Nb4 Ra5 31.Ree1 Rc8 32.Ra1 Ra4 33.Nd5 Rc2 34.Ne3 Rb2 35.Rec1 Rab4 36.Nd1 Rb1
37.Nc3 Rc4 38.Rcxb1 axb1=Q+ 39.Nxb1 Rc1+ 40.Kh2 a5  1/2-1/2

[Event "ch-USA 2014"]
[Site "Saint Louis USA"]
[Date "2014.05.11"]
[Round "4.4"]
[White "Onischuk,Al"]
[Black "Shankland,S"]
[Result "1-0"]
[WhiteElo "2668"]
[BlackElo "2634"]

1.d4 d5 2.c4 c6 3.Nf3 Nf6 4.Nc3 dxc4 5.a4 Bf5 6.e3 e6 7.Bxc4 Bb4 8.O-O O-O
9.Qe2 Nbd7 10.e4 Bg6 11.Bd3 Bh5 12.e5 Nd5 13.Nxd5 cxd5 14.Qe3 Be7 15.Ng5 Bxg5
16.Qxg5 Qxg5 17.Bxg5 Bg6 18.Bb5 h6 19.Bxd7 hxg5 20.Rfc1 Bd3 21.Rc7 a5 22.Ra3 Ba6
23.Rg3 Rab8 24.Rxg5 b5 25.axb5 Bxb5 26.Bxe6 Bc4 27.h4 Rxb2 28.Bd7 Re2 29.e6 a4
30.Re5 Rxe5 31.dxe5 fxe6 32.Bxe6+ Kh7 33.Ra7 Kg6 34.g4 Kh6 35.Bf7  1-0

[Event "ch-USA 2014"]
[Site "Saint Louis USA"]
[Date "2014.05.12"]
[Round "5.4"]
[White "Friedel,J"]
[Black "Onischuk,Al"]
[Result "1/2-1/2"]
[WhiteElo "2505"]
[BlackElo "2668"]

1.Nf3 Nf6 2.c4 e6 3.g3 d5 4.Bg2 dxc4 5.Qa4+ c6 6.Qxc4 b5 7.Qb3 Bb7 8.O-O Nbd7
9.d4 Be7 10.Ne5 Nxe5 11.dxe5 Nd7 12.Nc3 O-O 13.Rd1 Qc7 14.Ne4 Nc5 15.Nxc5 Bxc5
16.Be3 Qxe5 17.Bxc5 Qxc5 18.Rd7 Bc8 19.Rd2 Qb6 20.Rad1 Rb8 21.Qc3 b4 22.Qxc6 Qxc6
23.Bxc6 g6 24.f4 Bb7 25.Bxb7 Rxb7 26.Rd7 Rxd7 27.Rxd7 Rc8 28.Rxa7 Rc2 29.Kf2 Rxb2
30.Kf3 Kg7 31.h4  1/2-1/2

[Event "ch-USA 2014"]
[Site "Saint Louis USA"]
[Date "2014.05.13"]
[Round "6.2"]
[White "Onischuk,Al"]
[Black "Kamsky,G"]
[Result "1/2-1/2"]
[WhiteElo "2668"]
[BlackElo "2713"]

1.d4 d5 2.c4 c6 3.Nf3 Nf6 4.Nc3 a6 5.e3 g6 6.Be2 Bg7 7.O-O O-O 8.a4 a5 9.Qb3 e6
10.Rd1 Nbd7 11.Qc2 Re8 12.b3 b6 13.Ba3 Bb7 14.Rac1 Qb8 15.h3 Ra7 16.Bd3 Ba8
17.Re1 Bf8 18.Bxf8 Rxf8 19.Nd2 Rc7 20.cxd5 cxd5 21.Qb2 Rfc8 22.Rc2 Bb7 23.Rec1 Ne8
24.Ndb1 Ndf6 25.b4 Qa8 26.Na3 Kg7 27.Ncb5 Rxc2 28.Rxc2 Rxc2 29.Nxc2 axb4
30.Qxb4 Qd8 31.Qc3 Nd6 32.Nxd6  1/2-1/2

[Event "ch-USA 2014"]
[Site "Saint Louis USA"]
[Date "2014.05.14"]
[Round "7.3"]
[White "Gareev,T"]
[Black "Onischuk,Al"]
[Result "1/2-1/2"]
[WhiteElo "2653"]
[BlackElo "2668"]

1.d4 Nf6 2.c4 e6 3.Nc3 Bb4 4.g3 O-O 5.Bg2 d5 6.Nf3 dxc4 7.a3 Be7 8.O-O Nc6
9.e4 Na5 10.Be3 Nb3 11.Rb1 c5 12.dxc5 Ng4 13.Bf4 Nxc5 14.e5 Qxd1 15.Rbxd1 Nd3
16.h3 Nh6 17.Bxh6 gxh6 18.b3 Bxa3 19.bxc4 Nb2 20.Rd4 Bc5 21.Rg4+ Kh8 22.Ne4 Be7
23.Nd6 Nd3 24.Rd4 Nc5 25.Rb1 f6 26.exf6 Bxf6 27.Rdd1 Rb8 28.Nd2 Bd4 29.N2e4 Nxe4
30.Rxd4 Nc5 31.Ne4 e5 32.Rd5 Nxe4 33.Bxe4 Bxh3 34.c5 Bf5 35.Bxf5 Rxf5 36.c6 Rf7
37.Rd7 Rxd7 38.cxd7 Rd8 39.Rxb7 a5 40.Kg2 Kg7 41.Kf3 Kf7 42.Ke4 Ke7 43.Ra7 Rxd7
44.Rxa5 Rd2 45.Ke3 Rd1 46.Rxe5+ Kf6 47.Kf4 Rd2 48.f3 Rd4+ 49.Re4 Rd5 50.Kg4 Rf5
51.Re3 Rg5+ 52.Kh4 Ra5 53.g4 h5 54.gxh5 Ra1 55.Rb3 Kf5 56.Kg3 Rg1+ 57.Kf2 Rg5
58.Rb5+ Kf6 59.Rb6+ Kf7 60.h6 Rg6 61.Rb7+ Kg8 62.f4 Rxh6 63.Kf3 Ra6 64.Kg4 h5+
65.Kxh5 Kf8 66.f5 Rc6 67.Kg5 Ra6 68.Rh7 Rb6 69.Rc7  1/2-1/2

[Event "ch-USA 2014"]
[Site "Saint Louis USA"]
[Date "2014.05.16"]
[Round "8.3"]
[White "Onischuk,Al"]
[Black "Lenderman,A"]
[Result "0-1"]
[WhiteElo "2668"]
[BlackElo "2582"]

1.d4 Nf6 2.c4 e6 3.Nf3 d5 4.Nc3 Bb4 5.cxd5 exd5 6.Bg5 h6 7.Bh4 c5 8.e3 c4
9.Qc2 O-O 10.Nd2 Be6 11.Be2 Nc6 12.O-O Be7 13.b3 Rc8 14.bxc4 dxc4 15.Rfd1 Nd5
16.Bxe7 Qxe7 17.Bxc4 Ncb4 18.Nxd5 Bxd5 19.Qb3 Rxc4 20.Nxc4 Rc8 21.Rac1 b5
22.a3 a5 23.e4 bxc4 24.Qh3 Be6 25.Qe3 Nd3 26.Rc3 Qa7 27.Rdxd3 cxd3 28.Rxc8+ Bxc8
29.Qxd3 Ba6 30.Qc3 Qb6 31.f3 Qb1+ 32.Kf2 Qa2+ 33.Kg1 a4 34.d5 Qb3 35.Qc5 Qd1+
36.Kf2 Qd2+ 37.Kg3 g5 38.Qb6 Qf4+ 39.Kf2 Qh4+  0-1

[Event "ch-USA 2014"]
[Site "Saint Louis USA"]
[Date "2014.05.17"]
[Round "9.6"]
[White "Ramirez,Alej"]
[Black "Onischuk,Al"]
[Result "1/2-1/2"]
[WhiteElo "2595"]
[BlackElo "2668"]

1.Nf3 Nf6 2.c4 e6 3.g3 d5 4.Bg2 Be7 5.d4 O-O 6.Nc3 c5 7.dxc5 Bxc5 8.cxd5 exd5
9.Bg5 Be6 10.O-O Nbd7 11.Nd4 h6 12.Bf4 Qe7 13.Nb3 Bb6 14.Nxd5 Nxd5 15.Bxd5 Nf6
16.Bxe6 Qxe6 17.Qd3 Rfe8 18.Rae1 Rac8 19.Kg2 Qd5+ 20.Qxd5 Nxd5 21.Bc1 a5
22.Rd1 a4 23.Nd4 Nb4 24.a3 Rxc1 25.Rxc1 Bxd4 26.axb4 Bxb2 27.Rc2 a3 28.Kf3 g5
29.g4 Re6 30.Rxb2 axb2 31.Rb1 Rf6+ 32.Kg3 Rf4 33.Rxb2 b5 34.h4 Rc4 35.h5 Kg7
36.f3 Rd4 37.Kf2 Rc4 38.Ke3 Kf6 39.Kd3 Ke5 40.e3 Kf6 41.Rb3 Ke5  1/2-1/2

[Event "ch-USA 2014"]
[Site "Saint Louis USA"]
[Date "2014.05.18"]
[Round "10.4"]
[White "Onischuk,Al"]
[Black "Naroditsky,D"]
[Result "1/2-1/2"]
[WhiteElo "2668"]
[BlackElo "2543"]

1.d4 Nf6 2.Nf3 e6 3.c4 b6 4.g3 Bb7 5.Bg2 Be7 6.Nc3 Ne4 7.Qc2 Nxc3 8.Qxc3 O-O
9.O-O c5 10.Rd1 d6 11.d5 e5 12.e4 Nd7 13.Rf1 Bf6 14.Be3 g6 15.Bh6 Re8 16.Qc2 a6
17.Nd2 b5 18.a4 b4 19.Rae1 Bg5 20.Bxg5 Qxg5 21.f4 Qh6 22.Qd3 Re7 23.Rf2 Rae8
24.Qf3 exf4 25.gxf4 f5 26.Rfe2 Qg7 27.exf5 gxf5 28.Rxe7 Rxe7 29.Rxe7 Qxe7
30.Qg3+ Kh8 31.Bh3 Qe2 32.Qg5 Qd1+ 33.Bf1 Qxd2 34.Qd8+ Kg7 35.Qxd7+ Kg8 36.Qe6+ Kg7
37.Qe7+ Kg8 38.Qg5+ Kh8 39.Qd8+ Kg7 40.Qg5+ Kh8 41.Qxf5 Qe3+ 42.Kg2 Kg8 43.Bd3 Qd2+
44.Kh3 Qe3+ 45.Kh4 Qf2+ 46.Kg5 Qg2+ 47.Qg4 h6+ 48.Kh4+ Qxg4+ 49.Kxg4 a5 50.b3 Kg7
51.Bf5 Kf6 52.Be6 Ba6 53.h4 Kg6 54.Kg3 Kf6 55.Bh3 Bb7 56.Bd7 Ke7 57.Be6 Kf6
58.Kg4 Ba6 59.Bd7 Ke7 60.Bf5 Kf6 61.Be6 Kg6 62.Kf3 Kf6 63.Ke3 Ke7 64.Ke4 Kf6
65.Bd7 Ke7 66.Bh3 Kf6 67.Kf3 Bb7 68.Bd7 Ba6 69.Kg4 Ke7 70.Bf5 Kf6 71.Bc2 Bc8+
72.Kh5 Kg7 73.f5 Bd7 74.Kg4  1/2-1/2